The Hollies UK Top 10 Singles - Statistics

General Stats
  • This quiz has been taken 37 times
  • The average score is 10 of 18
Answer Stats
Release Single UK Chart % Correct
1966 Bus Stop #5
86%
1967 Carrie Anne #3
72%
1969 He Ain't Heavy, He's My Brother #3
72%
1988 He Ain't Heavy, He's My Brother #1
72%
1974 The Air That I Breathe #2
72%
1968 Jennifer Eccles #7
66%
1967 On a Carousel #4
62%
1966 Stop! Stop! Stop! #2
62%
1965 I'm Alive #1
59%
1969 Sorry Suzanne #3
59%
1965 Look Through Any Window #4
55%
1964 Just One Look #2
48%
1963 Stay #8
48%
1966 I Can't Let Go #2
41%
1970 I Can't Tell the Bottom from the Top #7
38%
1965 Yes I Will #9
34%
1964 Here I Go Again #4
31%
1964 We're Through #7
21%
No matching quizzes found
Score Distribution
Percent of People with Each Score
Percentile by Number Answered
Your Score History
You have not taken this quiz